Football Teams Chicharito Hernández Played For - Statistics

General Stats
  • This quiz has been taken 54 times
  • The average score is 6 of 7
Answer Stats
League Years Team % Correct
England 2010-2014 Manchester United
98%
Spain 2014-2015 Real Madrid
98%
USA 2020-2024 Los Angeles Galaxy
86%
Germany 2015-2017 Bayer 04 Leverkusen
77%
Mexico 2006-2010 CD Guadalajara
74%
England 2017-2019 West Ham United
72%
Spain 2019-2020 Sevilla FC
70%
No matching quizzes found
Score Distribution
Percent of People with Each Score
Percentile by Number Answered
Your Score History
You have not taken this quiz